| Tag |
First Indicator |
Second Indicator |
Subfields |
| LEADER |
00000cam a2200000 a 4500 |
| 001 |
in00000026102 |
| 005 |
20151007055816.0 |
| 008 |
861009s1987 caua b 00100 eng |
| 010 |
|
|
|a 86026490
|
| 020 |
|
|
|a 0122370759 (alk. paper)
|
| 035 |
|
|
|a (OCoLC)14518870
|
| 035 |
|
|
|9 AAB9316AM
|
| 040 |
|
|
|a DLC
|c DLC
|d TXA
|d UtOrBLW
|
| 049 |
|
|
|a TXAM
|c [A11495697]
|
| 050 |
0 |
0 |
|a TK5102.5
|b .H32 1987
|
| 082 |
0 |
|
|a 621.38/043
|2 19
|
| 245 |
0 |
0 |
|a Handbook of digital signal processing :
|b engineering applications /
|c edited by Douglas F. Elliott.
|
| 264 |
|
1 |
|a San Diego :
|b Academic Press,
|c [1987]
|
| 264 |
|
4 |
|c ©1987
|
| 300 |
|
|
|a xxii, 999 pages :
|b illustrations ;
|c 25 cm.
|
| 336 |
|
|
|a text
|b txt
|2 rdacontent
|
| 337 |
|
|
|a unmediated
|b n
|2 rdamedia
|
| 338 |
|
|
|a volume
|b nc
|2 rdacarrier
|
| 504 |
|
|
|a Includes bibliographies and index.
|
| 650 |
|
0 |
|a Signal processing
|x Digital techniques
|x Handbooks, manuals, etc.
|
| 700 |
1 |
|
|a Elliott, Douglas F.
|
| 999 |
|
|
|a MARS
|
| 999 |
f |
f |
|s 67e593fc-5933-3858-8026-67189115d411
|i a7a967c2-660b-381e-a60a-b51ac006c21f
|t 0
|
| 952 |
f |
f |
|p ric
|a Texas A&M University
|b Rellis Campus
|c Joint Library Facility
|d Remote Storage
|t 0
|e TK5102.5 .H32 1987
|h Library of Congress classification
|i unmediated -- volume
|m A14811495697
|
| 998 |
f |
f |
|a TK5102.5 .H32 1987
|t 0
|l Remote Storage
|